Cómo analizar un balance (Registro nro. 1924)

Detalles MARC
000 -LEADER
fixed length control field 01353 a2200205 4500
001 - CONTROL NUMBER
control field 29645
005 - DATE AND TIME OF LATEST TRANSACTION
control field 20260407155606.0
008 - FIXED-LENGTH DATA ELEMENTS--GENERAL INFORMATION
fixed length control field 260407a1960 arg spa d
003 - CONTROL NUMBER IDENTIFIER
control field AR-UNSa-BCEJYS
040 ## - CATALOGING SOURCE
Original cataloging agency AR-UNSa-BCEJYS
Language of cataloging spa
Transcribing agency AR-UNSa-BCEJYS
080 ## - UNIVERSAL DECIMAL CLASSIFICATION NUMBER
Universal Decimal Classification number 657.36
Common auxiliary subdivision Balances de comprobación (balance estimativo). Balances de saldo. Balance intermedio
100 1# - MAIN ENTRY--PERSONAL NAME
Personal name Lópes de Sa, Antonio
245 10 - TITLE STATEMENT
Title Cómo analizar un balance
250 ## - EDITION STATEMENT
Edition statement 2a. ed
264 #1 - PRODUCTION, PUBLICATION, DISTRIBUTION, MANUFACTURE, AND COPYRIGHT NOTICE
Place of production, publication, distribution, manufacture Buenos Aires :
Name of producer, publisher, distributor, manufacturer Selección Contable
Date of production, publication, distribution, manufacture, or copyright notice 1960
300 ## - PHYSICAL DESCRIPTION
Extent 166 p.
Dimensions 24 cm.
505 ## - FORMATTED CONTENTS NOTE
Formatted contents note Parte 1: Nociones indispensables para el estudio del análisi de balances - 1. Generalidades sobre el análisis de balances - 2. El balance - 3. El capital de las empresas - 4. Valores activos del capital - 5. Valores pasivos del capital - Parte 2: Análisis del balance por cocientes - 6. Cociente de liquidez - 7. Cociente relativo de participación de capitales ( Parte del pasivo) - 8. Cociente absoluto de participación de capitales ( Parte del pasivo)- 9. Deudas de finaciación y capital líquido de operaciones - 10. Capital fijo y capital propio - 11. Ventas líquidas y stocks - 12. Stocks y capital líquido de las operaciones - 13. Ventas líquidas y capital propio - 14. Ventas líquidas y capital líquido de operaciones
590 ## - LOCAL NOTE (RLIN)
Local note niveau_biblio:m niveau_hierar:0
942 ## - ADDED ENTRY ELEMENTS (KOHA)
Koha item type
Existencias
Withdrawn status Lost status Damaged status Not for loan Home library Current library Shelving location Date acquired Total checkouts Full call number Barcode Date last seen Price effective from Koha item type
        Biblioteca Prof. Eusebio Cleto del Rey Biblioteca Prof. Eusebio Cleto del Rey   07/04/2026   657.36 L865c 2ed. L20120 07/04/2026 07/04/2026 Libro
        Biblioteca Prof. Eusebio Cleto del Rey Biblioteca Prof. Eusebio Cleto del Rey   07/04/2026   657.36 L865c 2ed. L21073 07/04/2026 07/04/2026 Libro